TV Sitcom Spinoffs - Statistics

General Stats
  • This quiz has been taken 100 times
    86 since last reset
  • The average score is 12 of 20
Answer Stats
Spin Off TV Show % Correct
Frasier Cheers
96%
Joey Friends
88%
The Jeffersons All in the Family
81%
The Ropers Three's Company
81%
Tabitha Bewitched
70%
Mork and Mindy Happy Days
69%
The Facts of Life Diff'rent Strokes
68%
Flo Alice
66%
Rhoda The Mary Tyler Moore Show
65%
Gomer Pyle U.S.M.C The Andy Griffith Show
62%
Lou Grant The Mary Tyler Moore Show
61%
The Simpsons The Tracey Ullman Show
57%
Trapper John M.D. MASH
54%
Empty Nest The Golden Girls
54%
Fish Barney Miller
51%
Benson Soap
51%
Maude All in the Family
42%
Good Times Maude
34%
Just the Ten of Us Growing Pains
32%
Perfect Strangers Family Matters
23%
No matching quizzes found
Score Distribution
Percent of People with Each Score
Percentile by Number Answered
Your Score History
You have not taken this quiz since the last reset